000
00204nam a22000857a 4500
008
161125b xxu||||| |||| 00| 0 eng d
100
_9
1451
_a
Rice.H.S.
245
_a
Heart Gift
260
_a
Newyork
_b
Fleming
_c
1968
999
_c
4175
_d
4175